000
00217 a2200109 4500
020
_a
653855038898
041
_a
eng
100
_a
Delta Education
245
_a
Sceience Diccionary Level 1
942
_c
BK
952
_7
1
999
_c
22921
_d
22921